Reelle Funktionen. 1. Teil, Punkfunktionen /

Guardado en:
Autor Principal: Hahn, Hans, 1879-1934.
Formato: Libro
Idioma:German
Publicado: New York : Chelsea, 1948, c1932.
Etiquetas: Agregar Etiqueta
Sin Etiquetas, Sea el primero en etiquetar este registro!
LEADER 00501nam a22001455a 4500
001 MAT.inmabb000674
008 031118r19481932nyu###########001#0#ger#d
005 20170802152011.0
245 1 0 |a Reelle Funktionen.  |n 1. Teil,  |p Punkfunktionen /  |c von Hans Hahn. 
260 |a New York :  |b Chelsea,  |c 1948, c1932. 
300 |a xi, 415 p. ;  |c cm. 
500 |a Reproducción de la edición de 1932. 
100 1 |a Hahn, Hans,  |d 1879-1934. 
084 |a 28Axx (26-01 03Exx)  |2 msc2000 
859 |h 28  |i H148r  |p A-477  |v 1  |3 Teil I  |b BIB. MATEMATICA